000 00675cam a22002413a 4500
001 18035
003 PGUSA
005 20140828083402.0
008 060321s2006||||xxu|||||s|||||000 1 eng d
040 _aPGUSA
_beng
042 _adc
050 4 _aPZ
100 1 _aWells, Carolyn,
_d1862-1942
245 1 0 _aMarjorie at Seacote
_h[electronic resource] /
_cCarolyn Wells
260 _bProject Gutenberg,
_c2006
506 _aPublic domain in the USA.
516 _aElectronic text
653 _aSeashore -- Juvenile fiction
653 _aGirls -- Juvenile fiction
830 0 _aProject Gutenberg
_v18035
856 4 0 _uhttp://www.gutenberg.org/ebooks/18035
942 _cEB
999 _c247290
_d247290